Elements of power system analysis / (Record no. 180132)

000 -LEADER
fixed length control field 01257 a2200241 4500
003 - CONTROL NUMBER IDENTIFIER
control field Nust
005 - DATE AND TIME OF LATEST TRANSACTION
control field 20221031115426.0
010 ## - LIBRARY OF CONGRESS CONTROL NUMBER
LC control number 81003741
020 ## - INTERNATIONAL STANDARD BOOK NUMBER
International Standard Book Number 0070612781 (Text)
020 ## - INTERNATIONAL STANDARD BOOK NUMBER
International Standard Book Number 007061279X (Solutions manual)
040 ## - CATALOGING SOURCE
Transcribing agency Nust
082 00 - DEWEY DECIMAL CLASSIFICATION NUMBER
Classification number 621.319,STE
100 1# - MAIN ENTRY--PERSONAL NAME
Personal name Stevenson, William D.
9 (RLIN) 41263
245 10 - TITLE STATEMENT
Title Elements of power system analysis /
Statement of responsibility, etc. William D. Stevenson, Jr.
250 ## - EDITION STATEMENT
Edition statement 4th ed.
260 ## - PUBLICATION, DISTRIBUTION, ETC.
Place of publication, distribution, etc. New York :
Name of publisher, distributor, etc. McGraw-Hill,
Date of publication, distribution, etc. c1982.
300 ## - PHYSICAL DESCRIPTION
Extent xii, 436 p. :
Other physical details ill. ;
Dimensions 25 cm.
440 #0 - SERIES STATEMENT/ADDED ENTRY--TITLE
Title McGraw-Hill series in electrical engineering.
9 (RLIN) 20188
505 ## - FORMATTED CONTENTS NOTE
Formatted contents note General Background (Page-1), Basic Concepts (Page-10), Series Impedance of Transmission Lines (Page-37), Capacitance of Transmission Lines (Page-68), Current and Voltage Relations on a Transmission Line (Page-88), System Modeling (Page-127), Network Calculations (Page-166), Load Flow Solutions and Control (Page-193), Economic Operation of Power Systems (Page-227), Symmetrical Three Phase Faults (Page-248), Symmetrical Components (Page-275), Unsymmetrical Faults (Page-305), System Protection (Page-337), Power System Stability (Page-373),
650 #0 - SUBJECT ADDED ENTRY--TOPICAL TERM
Topical term or geographic name entry element Electric power distribution.
9 (RLIN) 41221
650 #0 - SUBJECT ADDED ENTRY--TOPICAL TERM
Topical term or geographic name entry element Electric power systems.
9 (RLIN) 18375
942 ## - ADDED ENTRY ELEMENTS (KOHA)
Source of classification or shelving scheme
Koha item type Book
Holdings
Withdrawn status Lost status Source of classification or shelving scheme Damaged status Not for loan Permanent Location Current Location Shelving location Date acquired Full call number Barcode Date last seen Price effective from Koha item type Public note
          Military College of Signals (MCS) Military College of Signals (MCS) General Stacks 12/12/2016 621.319,STE MCS30909 12/08/2016 12/12/2016 Book Almirah No.29, Shelf No.4
© 2023 Central Library, National University of Sciences and Technology. All Rights Reserved.